00260 a2200109 4500001000700000020000600007040001100013100003400024240004400058245003900102362000900141179584 a  cMagnum aAraujo, Maria Lysia Correa de10aOs passaros que gostavam de poesialpor10aOs passaros que gostavam de poesia0 a1899